<?xml version="1.0" encoding="UTF-8"?>
<record
    xmlns:xsi="http://www.w3.org/2001/XMLSchema-instance"
    xsi:schemaLocation="http://www.loc.gov/MARC21/slim http://www.loc.gov/standards/marcxml/schema/MARC21slim.xsd"
    xmlns="http://www.loc.gov/MARC21/slim">

  <leader>02644nam a2200325Ia 4500</leader>
  <datafield tag="999" ind1=" " ind2=" ">
    <subfield code="c">5194</subfield>
    <subfield code="d">5194</subfield>
  </datafield>
  <controlfield tag="003">OSt</controlfield>
  <controlfield tag="005">20200304165101.0</controlfield>
  <controlfield tag="008">191128s2016    ck     fr     000 0 spa d</controlfield>
  <datafield tag="020" ind1=" " ind2=" ">
    <subfield code="a">9789588866239</subfield>
  </datafield>
  <datafield tag="040" ind1=" " ind2=" ">
    <subfield code="a">CO-JMCR</subfield>
    <subfield code="c">CO-JMCR</subfield>
  </datafield>
  <datafield tag="041" ind1="0" ind2=" ">
    <subfield code="a">spa</subfield>
  </datafield>
  <datafield tag="082" ind1="0" ind2="4">
    <subfield code="a">144 /</subfield>
    <subfield code="b">G643a </subfield>
    <subfield code="2">23</subfield>
  </datafield>
  <datafield tag="100" ind1="1" ind2=" ">
    <subfield code="a">Gonz&#xE1;lez Camargo, Javier, </subfield>
    <subfield code="e">compilador</subfield>
    <subfield code="9">1174</subfield>
  </datafield>
  <datafield tag="245" ind1="1" ind2="0">
    <subfield code="a">Atajos hacia el humanismo c&#xED;vico / </subfield>
    <subfield code="c">Javier Gonz&#xE1;lez Camargo ; autores Jorge Orlando Garc&#xED;a, Gustavo Ponce Montesinos, Wilmar Javier Medina [y otros 9]</subfield>
  </datafield>
  <datafield tag="250" ind1=" " ind2=" ">
    <subfield code="a">Primera edici&#xF3;n</subfield>
  </datafield>
  <datafield tag="260" ind1=" " ind2=" ">
    <subfield code="a">Bogot&#xE1; : </subfield>
    <subfield code="b">Universidad Sergio Arboleda, </subfield>
    <subfield code="c">2016</subfield>
  </datafield>
  <datafield tag="300" ind1=" " ind2=" ">
    <subfield code="a">159 p&#xE1;ginas ; </subfield>
    <subfield code="c">24 cm</subfield>
  </datafield>
  <datafield tag="490" ind1="0" ind2=" ">
    <subfield code="a">Inter&#xE9;s general. Filosof&#xED;a</subfield>
  </datafield>
  <datafield tag="500" ind1=" " ind2=" ">
    <subfield code="a">Incluye notas a pie de p&#xE1;gina.</subfield>
  </datafield>
  <datafield tag="504" ind1=" " ind2=" ">
    <subfield code="a">Bibliograf&#xED;a al final de cada cap&#xED;tulo.</subfield>
  </datafield>
  <datafield tag="505" ind1="0" ind2=" ">
    <subfield code="a">&#xBF;De qu&#xE9; humanismo estamos hablando? -- La concordia social, una v&#xED;a para la paz desde la perspectiva de San Agust&#xED;n -- Las comunidades de amistad como fuente aut&#xE9;ntica de poder -- Las mujeres y el humanismo c&#xED;vico. Cuidar la fragilidad -- Claves para una empresa humanista -- La esperanza pedag&#xF3;gica -- La universidad y el cultivo de concepciones y criterios de justificaci&#xF3;n racional -- Apuntes para construir ciudadan&#xED;a. El papel de la argumentaci&#xF3;n en el debate p&#xFA;blico -- Se necesitan ciudadanos part&#xED;cipes en la sociedad de la informaci&#xF3;n -- Ley natural, cristianismo y raz&#xF3;n p&#xFA;blica. Una reflexi&#xF3;n sobre le catolicismo y sus problemas comunicativos con la cultural actual.</subfield>
  </datafield>
  <datafield tag="520" ind1=" " ind2=" ">
    <subfield code="a">Con este libro de consulta se cierra un ciclo de diez a&#xF1;os de investigaci&#xF3;n filos&#xF3;fica del proyecto Humanismo C&#xED;vico. El humanismo c&#xED;vico es un largo camino en el que, como todo postulado de filosof&#xED;a pol&#xED;tica, las palabras se entretejen con much&#xED;sima m&#xE1;s celeridad y holganza que las acciones concertadas de los hombre libres. Pues bien, como buenos latinoamericanos, junto con 10 miembros de la Red Humanismo C&#xED;vico que han contribuido con este peque&#xF1;o proyecto, hemos querido abrir atajos para llegar por caminos tal vez m&#xE1;s arduos, pero tal vez m&#xE1;s cortos, por lo que el grato discurrir literario y el dif&#xED;cil ejercicio pr&#xE1;ctico conducen conjuntamente a una meta muy clara: la revitalizaci&#xF3;n y el empoderamiento de la ciudadan&#xED;a en el seno de las democracias occidentales.</subfield>
  </datafield>
  <datafield tag="650" ind1="1" ind2="4">
    <subfield code="a">Humanismo </subfield>
    <subfield code="9">1175</subfield>
  </datafield>
  <datafield tag="650" ind1="1" ind2="4">
    <subfield code="a">Ciudadan&#xED;a</subfield>
    <subfield code="x">investigaciones</subfield>
    <subfield code="9">1176</subfield>
  </datafield>
  <datafield tag="650" ind1="1" ind2="4">
    <subfield code="a">Humanismo </subfield>
    <subfield code="x">fundamentos</subfield>
    <subfield code="9">1177</subfield>
  </datafield>
  <datafield tag="700" ind1="1" ind2=" ">
    <subfield code="a">Garc&#xED;a, Jorge Orlando, </subfield>
    <subfield code="d">               </subfield>
    <subfield code="e">autor</subfield>
    <subfield code="9">1178</subfield>
  </datafield>
  <datafield tag="700" ind1="1" ind2=" ">
    <subfield code="a">Ponce Montesinos, Gustavo, </subfield>
    <subfield code="e">autor</subfield>
    <subfield code="9">1179</subfield>
  </datafield>
  <datafield tag="700" ind1="1" ind2=" ">
    <subfield code="a">Medina, Wilmar Javier, </subfield>
    <subfield code="e">autor</subfield>
    <subfield code="9">1180</subfield>
  </datafield>
  <datafield tag="942" ind1=" " ind2=" ">
    <subfield code="2">ddc</subfield>
    <subfield code="c">BK</subfield>
  </datafield>
  <datafield tag="952" ind1=" " ind2=" ">
    <subfield code="0">0</subfield>
    <subfield code="1">0</subfield>
    <subfield code="2">ddc</subfield>
    <subfield code="4">0</subfield>
    <subfield code="7">0</subfield>
    <subfield code="8">NFIC</subfield>
    <subfield code="a">CPL</subfield>
    <subfield code="b">CPL</subfield>
    <subfield code="d">2018-04-15</subfield>
    <subfield code="e">Donaci&#xF3;n</subfield>
    <subfield code="g">0.00</subfield>
    <subfield code="l">2</subfield>
    <subfield code="o">144 / G643a </subfield>
    <subfield code="p">430001444</subfield>
    <subfield code="r">2025-07-08 07:58:15</subfield>
    <subfield code="s">2025-07-07</subfield>
    <subfield code="t">Ej.1</subfield>
    <subfield code="w">2019-11-28</subfield>
    <subfield code="y">BK</subfield>
  </datafield>
</record>
